| 000 | 00821cam a22002774a 4500 | ||
|---|---|---|---|
| 008 | |||
| 020 | _a0080434126 (hbk.) | ||
| 049 | _aMAIN | ||
| 090 | 0 | 0 |
_aT152.3 _bHUM |
| 245 | 0 | 0 |
_aHuman factors for highway engineers / _cedited by R. Fuller, J.A. Santos. |
| 260 |
_aAmsterdam : _bPergamon, _c2002. |
||
| 300 |
_axv, 325 p. : _bill. ; _c25 cm. |
||
| 500 | _aIncludes index. | ||
| 504 | _aIncludes bibliographical references. | ||
| 650 | 0 |
_aAutomobile drivers _xPsychology. |
|
| 650 | 0 | _aAutomobile driving. | |
| 650 | 0 | _aHuman engineering. | |
| 650 | 0 | _aHighway engineering. | |
| 700 | 1 | _aFuller, Ray. | |
| 700 | 1 | _aSantos, J. A. | |
| 907 |
_a.b10390959 _b14-05-18 _c07-05-18 |
||
| 003 | |||
| 005 | 20230123141110.0 | ||
| 040 | _cNUST | ||
| 942 |
_cBOOKS _kT152.3 _mHUM |
||
| 999 |
_c167665 _d167665 |
||